Handbook of regenerative landscape design (Record no. 54521)
[ view plain ]
| 000 -LEADER | |
|---|---|
| fixed length control field | 00759nam a2200205 a 4500 |
| 005 - DATE AND TIME OF LATEST TRANSACTION | |
| control field | 200902210153555.7 |
| 008 - FIXED-LENGTH DATA ELEMENTS--GENERAL INFORMATION | |
| fixed length control field | 960221s1955 dcuabcdjdbkoqu001 0deng d |
| 080 ## - UNIVERSAL DECIMAL CLASSIFICATION NUMBER | |
| Universal Decimal Classification number | 502.174:712 |
| Item number | FRA |
| 100 ## - MAIN ENTRY--PERSONAL NAME | |
| Personal name | France, Robert L.,ed |
| Role | ed.by |
| 245 ## - TITLE STATEMENT | |
| Title | Handbook of regenerative landscape design |
| 300 ## - PHYSICAL DESCRIPTION | |
| Extent | 444p. |
| 490 ## - SERIES STATEMENT | |
| Series statement | Intergrative studies in water management and land development |
| 653 ## - INDEX TERM--UNCONTROLLED | |
| Uncontrolled term | Landscape design |
| -- | Restoration ecology |
| -- | Environmental restoration |
| -- | Restoration-degraded landscapes |
| 942 ## - ADDED ENTRY ELEMENTS (KOHA) | |
| item type | Books |
| 260 ## - PUBLICATION, DISTRIBUTION, ETC. (IMPRINT) | |
| Place of publication, distribution, etc | Boca Ration |
| Name of publisher, distributor, etc | CRC press |
| Date of publication, distribution, etc | 2008 |
| 500 ## - GENERAL NOTE | |
| General note | |
| 020 ## - INTERNATIONAL STANDARD BOOK NUMBER | |
| International Standard Book Number | 9780849391880 |
| 003 - CONTROL NUMBER IDENTIFIER | |
| control field | ViArRB |
| Lost status | Source of classification or shelving scheme | Not for loan | Home library | Current library | Shelving location | Date acquired | Total Checkouts | Full call number | Barcode | Date last seen | Price effective from | Koha item type |
|---|---|---|---|---|---|---|---|---|---|---|---|---|
| Universal Decimal Classification | University Library | University Library | General Stacks | 16/06/2010 | 502.174:712 FRA | 00060888 | 16/06/2010 | 16/06/2010 | Books |
